<?xml version="1.0" encoding="UTF-8"?>
<record
    xmlns:xsi="http://www.w3.org/2001/XMLSchema-instance"
    xsi:schemaLocation="http://www.loc.gov/MARC21/slim http://www.loc.gov/standards/marcxml/schema/MARC21slim.xsd"
    xmlns="http://www.loc.gov/MARC21/slim">

  <leader>01510cam a2200289 a 4500</leader>
  <controlfield tag="001">000019264</controlfield>
  <controlfield tag="005">20200929165952.0</controlfield>
  <controlfield tag="008">030526s2001    it a     bc   000 0 ita c</controlfield>
  <datafield tag="010" ind1=" " ind2=" ">
    <subfield code="a">2003487829</subfield>
  </datafield>
  <datafield tag="020" ind1=" " ind2=" ">
    <subfield code="a">8873200478 (pbk.)</subfield>
  </datafield>
  <datafield tag="035" ind1=" " ind2=" ">
    <subfield code="a">(OCoLC)ocm52880624</subfield>
  </datafield>
  <datafield tag="040" ind1=" " ind2=" ">
    <subfield code="a">DO-SdBNP</subfield>
    <subfield code="c">GZM</subfield>
    <subfield code="d">DLC</subfield>
  </datafield>
  <datafield tag="042" ind1=" " ind2=" ">
    <subfield code="a">pcc</subfield>
  </datafield>
  <datafield tag="050" ind1="0" ind2="0">
    <subfield code="a">Z8026.6</subfield>
    <subfield code="b">.P47 2001</subfield>
    <subfield code="a">PQ4681</subfield>
  </datafield>
  <datafield tag="245" ind1="0" ind2="0">
    <subfield code="a">"Per far di bianca carta carta nera" :</subfield>
    <subfield code="b">prime edizioni e cimeli alfieriani : Torino Biblioteca reale, 29 novembre-29 dicembre 2001 /</subfield>
    <subfield code="c">a cura di Vittorio Colombo ... [et al.].</subfield>
  </datafield>
  <datafield tag="260" ind1=" " ind2=" ">
    <subfield code="a">Savigliano (Cuneo) :</subfield>
    <subfield code="b">Editrice artistica piemontese,</subfield>
    <subfield code="c">c2001.</subfield>
  </datafield>
  <datafield tag="300" ind1=" " ind2=" ">
    <subfield code="a">149 p. :</subfield>
    <subfield code="b">ill. (some col.) ;</subfield>
    <subfield code="c">23 cm.</subfield>
  </datafield>
  <datafield tag="500" ind1=" " ind2=" ">
    <subfield code="a">Exhibition catalogue, on the occasion of the 250th anniversary of the birth of V. Alfieri (1749-1803).</subfield>
  </datafield>
  <datafield tag="500" ind1=" " ind2=" ">
    <subfield code="a">At head of title: Ministero per i beni e le attivita culturali, Direzione generale per i beni librari e gli istituti culturali. Biblioteca reale Torino. Comitato nazionale per le celebrazioni Alfieriane, 1999-2003.</subfield>
  </datafield>
  <datafield tag="504" ind1=" " ind2=" ">
    <subfield code="a">Includes bibliographical references.</subfield>
  </datafield>
  <datafield tag="600" ind1="1" ind2="0">
    <subfield code="a">Alfieri, Vittorio,</subfield>
    <subfield code="d">1749-1803</subfield>
    <subfield code="x">First editions</subfield>
    <subfield code="v">Bibliography</subfield>
    <subfield code="v">Exhibitions.</subfield>
    <subfield code="9">41441</subfield>
  </datafield>
  <datafield tag="700" ind1="1" ind2=" ">
    <subfield code="a">Colombo, Vittorio,</subfield>
    <subfield code="d">1961-</subfield>
    <subfield code="9">41442</subfield>
  </datafield>
  <datafield tag="710" ind1="1" ind2=" ">
    <subfield code="a">Italy.</subfield>
    <subfield code="b">Direzione generale per i beni librari e gli istituti culturali.</subfield>
    <subfield code="9">41443</subfield>
  </datafield>
  <datafield tag="710" ind1="2" ind2=" ">
    <subfield code="a">Biblioteca di S.M. il re (Turin, Italy)</subfield>
    <subfield code="9">41444</subfield>
  </datafield>
  <datafield tag="710" ind1="2" ind2=" ">
    <subfield code="a">Comitato nazionale per le celebrazioni Alfieriane, 1999-2003.</subfield>
    <subfield code="9">41445</subfield>
  </datafield>
  <datafield tag="910" ind1=" " ind2=" ">
    <subfield code="a">Catalogaci&#xF3;n derivada / LC</subfield>
  </datafield>
  <datafield tag="952" ind1=" " ind2=" ">
    <subfield code="0">0</subfield>
    <subfield code="1">0</subfield>
    <subfield code="5">0</subfield>
    <subfield code="7">1</subfield>
    <subfield code="8">MO</subfield>
    <subfield code="a">GR</subfield>
    <subfield code="b">GR</subfield>
    <subfield code="c">HD</subfield>
    <subfield code="d">2010-05-31</subfield>
    <subfield code="i">LF1</subfield>
    <subfield code="l">0</subfield>
    <subfield code="o"> </subfield>
    <subfield code="p">19264-10</subfield>
    <subfield code="r">2020-06-25</subfield>
    <subfield code="w">2020-06-25</subfield>
    <subfield code="y">1</subfield>
    <subfield code="Z">No se presta</subfield>
  </datafield>
  <datafield tag="999" ind1=" " ind2=" ">
    <subfield code="c">18782</subfield>
    <subfield code="d">18782</subfield>
  </datafield>
</record>
